Hodnota zákazníka sa zmení, vďaka technológiám
Nákup budúcnosti sa nebude odohrávať v in-store kamenných predajniach ani v e-shopoch. Niekde medzi tým. Beacon technológia. Webrooming vs. showrooming.
Salvato in:
| Natura: | Capitolo di libro |
|---|---|
| Lingua: | slovacco |
| Soggetti: | |
| Tags: |
Nessun Tag, puoi essere il primo ad aggiungerne!!
|
MARC
| LEADER | 00000naa a2200000 4500 | ||
|---|---|---|---|
| 001 | 0208875 | ||
| 005 | 20231208070659.2 | ||
| 041 | 0 | |a slo | |
| 044 | |a SK | ||
| 245 | 1 | 0 | |a Hodnota zákazníka sa zmení, vďaka technológiám |
| 520 | |a Nákup budúcnosti sa nebude odohrávať v in-store kamenných predajniach ani v e-shopoch. Niekde medzi tým. Beacon technológia. Webrooming vs. showrooming. | ||
| 610 | 2 | 0 | |a nákup |
| 610 | 2 | 0 | |a technológie obchodné |
| 610 | 2 | 0 | |a zákazníci |